000
00331 a2200145 4500
001
170865
020
_a
040
_c
Magnum
100
_a
Sampedro, Javier
240
1
0
_a
Futbol sala: las acciones del juego
_l
ESP
245
1
0
_a
Futbol sala: las acciones del juego
362
0
_a
1899
697
_a
EDUCACAO FISICA
942
_c
BK
999
_c
170865
_d
170865